000 00741nam a2200277Ia 4500
001 12484
005 20240113235400.0
007 ta
008 051021s1997 a g b000 u ben u
020 _cHB
040 _aCotton College,Assam
041 _aben
082 _a923.2
_bBo 64 Jy
100 _aBandopadhya, Suravi.
245 0 _aJyoti Basu: Anumodita Jeevani /
_cSuravi Bandopadhya.
_hTextual Documents
250 _a1st ed. /
260 _aIndia :
_bHerperkalisesh Publishers ,
_c1997.
300 _a264p. :
_bill. ;
_c22cm .
504 _aBib, Index
653 _aBengali Literature
653 _aBiography-Jyoti Basu
653 _aMS-Bengali
942 _2ddc
_cBK
999 _c12470
_d12470